[Event "Usti nad Labem Chlumecky Blitz op"]
[Site "Usti nad Labem"]
[Date "2024.05.05"]
[Round "2"]
[White "Polak, Martin"]
[Black "Pokorny, Radek"]
[Result "1-0"]
[WhiteElo "1809"]
[BlackElo "1672"]
[PlyCount "69"]
[EventDate "2024.05.05"]
[EventType "swiss (blitz)"]
[EventRounds "15"]
[EventCountry "CZE"]
[SourceTitle "CB20_2024"]
[SourceDate "2024.05.16"]
[SourceVersion "1"]
[SourceVersionDate "2024.05.16"]
[SourceQuality "1"]

1. d4 d5 2. c4 e6 3. Nc3 Nf6 4. Bg5 Be7 5. Nf3 0-0 6. Qc2 h6 7. h4 Ne4 8. Bxe7 Qxe7 9. Nxe4 dxe4 10. Ne5 Nd7 11. Nxd7 Bxd7 12. a3 Bc6 13. g3 e3 14. Rh2 exf2+ 15. Rxf2 Rad8 16. 0-0-0 Qd7 17. e3 Ba4 18. b3 Bc6 19. Bh3 b6 20. d5 Bb7 21. dxe6 Qe7 22. exf7+ Rxf7 23. Rxd8+ Qxd8 24. Be6 Qe8 25. Bxf7+ Qxf7 26. Rxf7 Kxf7 27. Qf5+ Kg8 28. e4 a5 29. e5 Bc6 30. e6 Be8 31. e7 Bf7 32. Qc8+ Kh7 33. Qf8 Bg6 34. e8Q Bxe8 35. Qxe8 1-0